| 000 | 00602nam a22001697a 4500 | ||
|---|---|---|---|
| 003 | GBCCL | ||
| 005 | 20251127113920.0 | ||
| 008 | 180702b ||||| |||| 00| 0 eng d | ||
| 040 | _cgbc | ||
| 082 |
_a220.5203 _bBIB |
||
| 245 |
_aThe Holy Bible containing the Old and New Testaments: _bTranslated out of the original tongues and with the former translations diligently compared ; commonly known as the authorized King James version |
||
| 250 | _a1964 Edition | ||
| 260 |
_bGideons International, _aNashville: _c1964 |
||
| 300 |
_a1108 p.; _c20 cm. |
||
| 650 |
_aBible _xEnglish _912272 |
||
| 942 |
_2ddc _cREF |
||
| 999 |
_c6867 _d6867 |
||